Statistiques concernant Candidats à la présidentielle française de 2022 en tête dans ces lieux

Cliquez ici pour prendre le quiz!

Statistiques générales

  • Ce quiz a été pris 104 fois
  • Le résultat moyen est 17 sur 20

Statistiques - réponses

LieuCandidat en tête% Correct
FranceEmmanuel Macron
100%
Auvergne Rhône AlpesEmmanuel Macron
98%
Île de FranceJean Luc Mélenchon
91%
Provence Alpes Côte d'AzurMarine Le Pen
91%
MayotteMarine Le Pen
89%
Nouvelle CalédonieEmmanuel Macron
88%
GuyaneJean Luc Mélenchon
86%
ParisEmmanuel Macron
85%
Hautes AlpesEmmanuel Macron
85%
AngersEmmanuel Macron
85%
LyonEmmanuel Macron
83%
AriègeJean Luc Mélenchon
83%
MarseilleJean Luc Mélenchon
83%
HéraultMarine Le Pen
83%
AmiensJean Luc Mélenchon
81%
PerpignanMarine Le Pen
80%
CanadaEmmanuel Macron
79%
IslandeJean Luc Mélenchon
76%
UkraineEmmanuel Macron
64%
ThaïlandeEric Zemmour
50%

Distribution des résultats

Percentile par nombre de réponses

% des personnes avec chaque résultat

Votre développement - résultats

Vous n’avez pas pris ce quiz